LEADER 01093nam a2200253 u 4500 001 000000070072 003 CaOOAMICUS 005 20070226121959.0 008 020426s1992 it u000 u ita u 035 $a10927932 040 $aPUL(R)$bita 100 1 $aCaturelli, Alberto.$0(OLS)http://pul/name/2144 245 13$aIl nuovo mondo riscoperto :$bla scoperta, la conquista, l'evangelizzazione dell'America e la cultura occidentale /$cAlberto Caturelli. 260 $aMilano :$bAres,$c1992. 300 $a399 p. ;$c25 cm 500 $aContiene indice. 504 $aBibliografia in nota. 651 4$aAmerica$xScoperta ed esplorazione.$0(OLS)http://pul/subject/23028 850 $aPUL 852 $aPUL$W1$xSL Filosofia 1$y2$m132 A 28$j90697$nBK-PRI$b $qStampati$B90697$CPULBib$Z2$F90697 $H $81 941 1 $a8 961 $aINV: 69026 996 $6245$aIl nuovo mondo riscoperto :$bla scoperta, la conquista, l'evangelizzazione dell'America e la cultura occidentale$9(OLS)http://pul/title/92445 996 $6260$aMilano :$bAres$9(OLS)http://pul/publisher/53739 LEADER 01196nam a2200289 a 4500 001 000000138050 003 CaOOAMICUS 005 20140408122521.0 008 140408s2013 it u000 u ita r 020 $a978-88-13-33930-2 040 $aPUL$bita 082 04$a364 100 1 $aPisapia, Gianvittorio.$0(OLS)http://pul/name/89050 245 10$aManuale operativo di criminologia /$cGianvittorio Pisapia ; contributo etimologico e glottologico di Francesco Di Ciaccia. 250 $a3. ed. 260 $aPadova :$bCEDAM,$c2013. 300 $aXII, 312 p. ;$c24 cm 650 4$aCriminologia$vManuali, trattati, ecc.$0(OLS)http://pul/subject/33933 700 1 $aDi Ciaccia, Francesco.$0(OLS)http://pul/name/76671 850 $aPUL 852 $aPUL$W1$xSL Diritto e Scienze Sociali 3$y79$m364 PISGI 1$j159124$qDDC 21$B158672$CPULBib$Z2$F158672 $H123818 $82 941 1 $a9 996 $6020$a978-88-13-33930-2$9(OLS)http://pul/number/155026 996 $6082$a364$9(OLS)http://pul/classification/2136 996 $6245$aManuale operativo di criminologia$9(OLS)http://pul/title/174798 996 $6260$aPadova :$bCEDAM$9(OLS)http://pul/publisher/48126 LEADER 01761nam a2200337 u 4500 001 000000075857 003 CaOOAMICUS 005 20070226123139.0 008 031023s2001 vc u000 u eng u 020 $a8821007278 035 $a10974022 040 $aPUL$bita$dEFR 041 0 $aeng$aita$aspa$ager 111 2 $aInternational Congress of Medieval Canon Law$n(10th :$d1996 :$cSyracuse, Italy).$0(OLS)http://pul/name/50459 245 10$aProceedings of the Tenth International Congress of Medieval Canon Law :$bSyracuse, New York, 13-18 August 1996 /$cedited by Kenneth Pennington, Stanley Chodorow and Keith H. Kendall. 260 $aCittą del Vaticano :$bBiblioteca Apostolica Vaticana,$c2001. 300 $axxiii, 1225 p. ;$c26 cm 490 1 $aMonumenta iuris canonici.$aSeries C, Subsidia ;$v11 500 $aComprende indici. 504 $aBibliografia in nota. 650 4$aDiritto canonico medievale$xCongressi.$0(OLS)http://pul/subject/7869 700 1 $aKendall, Keith H.$0(OLS)http://pul/name/50460 700 1 $aChodorow, Stanley.$0(OLS)http://pul/name/9420 700 1 $aPennington, Kenneth.$0(OLS)http://pul/name/9778 830 0$aMonumenta iuris canonici.$nSeries C,$pSubsidia ;$v11.$0(OLS)http://pul/title/13985 850 $aPUL 852 $aPUL$W1$xSL Diritto Canonico 3$y77$m262. 99 CAN.7 5.11$j97523$nBK-PRI$b $qDDC 21$B97523$CPULBib$Z2$F97523 $H91868 $82 941 1 $a9 996 $6020$a8821007278$9(OLS)http://pul/number/99243 996 $6245$aProceedings of the Tenth International Congress of Medieval Canon Law :$bSyracuse, New York, 13-18 August 1996$9(OLS)http://pul/title/99508 996 $6260$aCittą del Vaticano :$bBiblioteca Apostolica Vaticana$9(OLS)http://pul/publisher/48729